000 00301nam a2200133 i 4500
001 bg
100 1 _aUAJT, R. M.
245 0 _aKwantowaja teorija magnetizma /
_cR.M. Uajt.
260 _aMoskwa,
_c1972.
040 _cBPK
041 _apol
942 _cKS
008 s pl f |000 0 pol
999 _c14732
_d14732
856 _uhttp://koha.tu.koszalin.pl/cgi-bin/koha/opac-detail.pl?biblionumber=14732
_yKatalog online BPK